| 000 | 00520nam a2200193Ia 4500 | ||
|---|---|---|---|
| 003 | OSt | ||
| 005 | 20220926045659.0 | ||
| 006 | a|||||r|||| 00| 0 | ||
| 007 | ta | ||
| 008 | 220923b |||||||| |||| 00| 0 eng d | ||
| 037 | _cGeneral Book | ||
| 040 |
_aRTL _cRTL _beng |
||
| 041 |
_2eng _aeng |
||
| 082 | _aU672(J), L9/TD | ||
| 100 | _aTARRANT John R | ||
| 245 | 0 | _aAgricultural geography.(Problems in modern geograp | |
| 942 |
_hU672(J), L9/TD _cGB _2CC |
||
| 999 |
_c678398 _d678398 |
||